000 00231nam a2200109 a 4500
005 20140414132051.0
008 110330s19uu xx 00 eng d
050 _aP
_bMAT
245 _aAng mata.
650 _aEyes
999 _c114158
_d114158